claude françois aime-moi ou quitte-moi - Statistiques

Statistiques générales
  • Ce quiz a été pris 3 fois
  • Le résultat moyen est 100 sur 198
Statistiques - réponses
Réponse % Correct
je
100%
100%
le
100%
aime-moi
50%
alors
50%
amour
50%
au
50%
aujourd'hui
50%
aussi
50%
besoin
50%
bien
50%
ça
50%
ce
50%
c'est
50%
choisir
50%
coeur
50%
comptais
50%
crie-le
50%
de
50%
décide-toi
50%
deux
50%
dis
50%
dis-le-moi
50%
dois
50%
élan
50%
en
50%
encore
50%
espoirs
50%
et
50%
être
50%
fais
50%
faux
50%
fini
50%
fois
50%
font
50%
fous
50%
guette
50%
j'ai
50%
j'aime
50%
j'en
50%
joies
50%
jour
50%
l'ai
50%
larme
50%
les
50%
mais
50%
m'en
50%
menaces
50%
mieux
50%
mon
50%
mot
50%
ne
50%
ni
50%
nos
50%
oh
50%
ou
50%
oui
50%
parfois
50%
part
50%
partager
50%
partais
50%
pauvres
50%
perdu
50%
pleure
50%
pourtant
50%
prières
50%
prouvé
50%
que
50%
qui
50%
qu'importe
50%
quitte-moi
50%
reconnais-le
50%
rien
50%
ris
50%
sais
50%
sans
50%
serais
50%
seul
50%
si
50%
sourire
50%
sur
50%
surtout
50%
tant
50%
te
50%
temps
50%
tendre
50%
tes
50%
toi
50%
ton
50%
tout
50%
trop
50%
tu
50%
un
50%
une
50%
vagabon
50%
vérités
50%
veux
50%
vrai
50%
yeux
50%
comme
0%
han
0%
hum
0%
l'aveu
0%
n'aime
0%
n'peux
0%
oublie-moi
0%
plus
0%
vain
0%
vivre
0%
Aucun quiz correspondant
Distribution des résultats
% des personnes avec chaque résultat
Percentile par nombre de réponses
Votre historique - résultats
Vous n’avez pas pris ce quiz